The Wheat-marketing Activity in Pakistan (Record no. 351709)

000 -LEADER
fixed length control field 00484nam a22001817a 4500
003 - CONTROL NUMBER IDENTIFIER
control field OSt
005 - DATE AND TIME OF LATEST TRANSACTION
control field 20180116183053.0
008 - FIXED-LENGTH DATA ELEMENTS--GENERAL INFORMATION
fixed length control field 160901b xxu||||| |||| 00| 0 eng d
020 ## - INTERNATIONAL STANDARD BOOK NUMBER
International Standard Book Number 0
040 ## - CATALOGING SOURCE
Transcribing agency 0
082 ## - DEWEY DECIMAL CLASSIFICATION NUMBER
Classification number 658.0954 COR 1987
100 ## - MAIN ENTRY--PERSONAL NAME
Personal name Cornelisse,Peter A.
245 ## - TITLE STATEMENT
Title The Wheat-marketing Activity in Pakistan
Statement of responsibility, etc. Peter A.Cornelisse
260 ## - PUBLICATION, DISTRIBUTION, ETC.
Place of publication, distribution, etc. Islamabad
Name of publisher, distributor, etc. PIDE
Date of publication, distribution, etc. 1987
300 ## - PHYSICAL DESCRIPTION
Extent 125 p.
Other physical details HB
440 ## - SERIES STATEMENT/ADDED ENTRY--TITLE
Title The Wheat-marketing Activity in Pakistan
942 ## - ADDED ENTRY ELEMENTS (KOHA)
Source of classification or shelving scheme
Koha item type Book
Holdings
Withdrawn status Lost status Source of classification or shelving scheme Damaged status Not for loan Collection code Permanent Location Current Location Shelving location Date acquired Total Checkouts Full call number Barcode Date last seen Price effective from Koha item type
            Central Library (CL) Central Library (CL) General Stacks 09/01/2016   658.0954 COR 1987 NBS D-2718 09/01/2016 09/01/2016 Book
© 2023 Central Library, National University of Sciences and Technology. All Rights Reserved.